| 000 | 01123nam a2200253Ia 4500 | ||
|---|---|---|---|
| 003 | Ost | ||
| 005 | 20260507075611.0 | ||
| 008 | 260507s9999||||xx |||||||||||||| ||und|| | ||
| 020 | _a9789961018217 | ||
| 040 | _cfsecg | ||
| 041 | _aara | ||
| 082 | _a658.913321 | ||
| 100 |
_aبن حبيب، عبد الرزاق _eمؤلف |
||
| 245 | 0 |
_aأساسيات العمل المصرفي / _c عبد الرزاق بن حبيب |
|
| 260 |
_aالجزائر: _bديوان المطبوعات الجامعية, _c2015 |
||
| 300 |
_a30 صفحة؛ _bإيضاحات ؛ _c24 سم |
||
| 504 | _aالمراجع ص.284 | ||
| 520 | _aتناول هذا الكتاب أساسيات العمل المصرفي حيث تناول ماهية المصارف وعملياتها، بما في ذلك المصارف الاسلامية والتجارية والقوائم المالية والتحليل المالي وادارة المخاطر. | ||
| 653 | _aالبنوك | ||
| 653 | _aالبنوك الاسلامية | ||
| 653 | _aالبنوك التجارية | ||
| 700 |
_aخالدي، خديجة _eمؤلف ثانوي |
||
| 942 | _cكتاب | ||
| 999 |
_c45069 _d45069 |
||